Statistiques concernant Pays du monde avec une carte vierge

Cliquez ici pour prendre le quiz!

Statistiques générales

  • Ce quiz a été pris 111,953 fois
  • Le résultat moyen est 149 sur 196

Statistiques - réponses

Pays % Correct
France
98%
Etats-Unis
97%
Canada
97%
Chine
96%
Allemagne
96%
Espagne
96%
Russie
96%
Mexique
95%
Italie
95%
Brésil
95%
Argentine
94%
Australie
94%
Afrique du Sud
93%
Japon
93%
Algérie
93%
Maroc
93%
Suisse
93%
Portugal
92%
Égypte
92%
Suède
92%
Inde
92%
Finlande
91%
Pologne
91%
Royaume-Uni
91%
Autriche
90%
Norvège
90%
République démocratique
du Congo
90%
Chili
90%
République du Congo
89%
Turquie
89%
Mongolie
89%
Grèce
89%
Belgique
89%
Iran
88%
Colombie
88%
Pérou
88%
Danemark
88%
Tunisie
88%
Irlande
87%
Irak
87%
Uruguay
87%
Corée du Sud
86%
Libye
86%
Paraguay
86%
Bolivie
86%
Roumanie
86%
Estonie
86%
Arabie Saoudite
86%
Ukraine
86%
Luxembourg
86%
Islande
86%
Lituanie
85%
Nouvelle-Zélande
85%
Indonésie
85%
Hongrie
85%
Lettonie
85%
Corée du Nord
85%
Pakistan
84%
Cuba
84%
Biélorussie
84%
Mali
84%
Croatie
84%
République tchèque
84%
Venezuela
84%
Niger
83%
Pays-Bas
83%
Soudan
83%
Afghanistan
83%
Slovaquie
82%
Équateur
82%
Kazakhstan
81%
Israël
81%
Panama
81%
Nigeria
81%
Thaïlande
81%
Madagascar
81%
Éthiopie
80%
Viêt Nam
80%
Sénégal
80%
Slovénie
80%
Andorre
79%
Guinée
79%
Syrie
79%
Albanie
79%
Bulgarie
79%
Kenya
78%
Laos
78%
Serbie
78%
Népal
78%
Mauritanie
78%
Côte d'Ivoire
78%
Ouzbékistan
77%
Somalie
77%
Monaco
77%
Yémen
77%
Cameroun
76%
Macédoine du Nord
76%
Costa Rica
76%
Honduras
76%
Vatican
76%
Zimbabwe
76%
Guyana
75%
Tchad
75%
Togo
75%
Cambodge
75%
Malte
75%
Angola
75%
Liban
75%
Chypre
74%
Arménie
74%
Kosovo
74%
Bosnie-Herzégovine
74%
Suriname
74%
Namibie
73%
Turkménistan
73%
Moldavie
73%
Jordanie
73%
Tanzanie
73%
Haïti
73%
Guatemala
73%
Zambie
73%
Birmanie
72%
Oman
72%
Monténégro
72%
Soudan du Sud
72%
Émirats arabes unis
72%
Philippines
71%
Qatar
71%
Géorgie
71%
Ghana
71%
Malaisie
71%
Nicaragua
71%
Mozambique
71%
Bénin
71%
République
Centrafricaine
70%
Érythrée
70%
Burkina Faso
70%
Saint-Marin
70%
Sri Lanka
70%
Jamaïque
70%
Lesotho
70%
Bangladesh
69%
Gabon
69%
Rwanda
69%
Liechtenstein
69%
Papouasie-Nouvelle-
Guinée
68%
Azerbaïdjan
68%
Botswana
68%
République dominicaine
68%
Bhoutan
68%
Guinée-Bissau
67%
Taïwan
67%
Belize
67%
Ouganda
67%
Guinée équatoriale
67%
Tadjikistan
66%
Cap-Vert
66%
Liberia
65%
Fidji
65%
Kirghizistan
65%
Bahamas
64%
Djibouti
64%
Salvador
64%
Malawi
64%
Gambie
63%
Eswatini
63%
Koweït
63%
Seychelles
63%
Singapour
63%
Île Maurice
62%
Burundi
62%
Sierra Leone
61%
Maldives
61%
Comores
60%
Bahreïn
58%
Brunei
57%
Sainte-Lucie
57%
Micronésie
57%
Dominique
57%
Barbade
57%
Vanuatu
56%
Tonga
55%
Îles Marshall
54%
Samoa
54%
Sao Tomé-et-Principe
54%
Saint-Vincent-et-les-
Grenadines
54%
Trinité-et-Tobago
54%
Kiribati
53%
Saint-Christophe-
et-Niévès
53%
Tuvalu
53%
Salomon
52%
Grenade
52%
Timor oriental
52%
Antigua-et-Barbuda
52%
Palaos
51%
Nauru
50%

Distribution des résultats

Percentile by Number Answered

% des personnes avec chaque résultat

Votre développement - résultats

Vous n’avez pas pris ce quiz